• 首页
  • 本馆介绍
  • 公告通知
  • 最新文献
  • 馆藏检索
  • 电子资源
  • 读者导购
  • 参考咨询
  • 我的图书馆
  • 登录
  • 详细信息显示
  • 放入我的书架
  • 预约/预借图书
  • 作者相关作品
  • 分类相关作品
  • 丛书相关作品
  • 出版社相关作品

书目信息

  • 表格格式
  • 工作单格式
  • 卡片格式
题名:
说不尽的红楼梦
    
 
作者: 胡德平 著
分册:  
出版信息: 北京   中华书局  2004
页数: 286页
开本: 24cm
丛书名:
单 册:
中图分类: I207.411 , K825.6=49
科图分类:
主题词: 文学研究
电子资源:
ISBN: 7-101-04234-1
000 00866nam0 2200301 450
001 100428496182
005 20110223084331.67
010    @a7-101-04234-1@dCNY35.00
035    @a004013649
100    @a20081209d2004 em y0chiy0110 ea
101 0  @achi
102    @aCN@b110000
105    @aa z 000yy
106    @ar
200 1  @a说不尽的红楼梦@9shuo bu jin de hong lou meng@e曹雪芹在香山@f胡德平著
210    @a北京@c中华书局@d2004
215    @a286页@c图@d24cm
517 1  @a曹雪芹在香山@9cao xue qin zai xiang shan
600  0 @a曹雪芹@f(?~1763)@x人物研究
600  0 @a曹雪芹@f(?~1763)
605    @a红楼梦@x文学研究
605    @a红楼梦
606 0  @a文学研究
690    @aI207.411@v4
690    @aK825.6=49@v4
701  0 @a胡德平@9hu de ping@f(1942.11~)@4著
801  0 @aCN@bNLC@c20110223
905    @b205989117-153@h598911-15@dI207.411@e637@f5
    
    说不尽的红楼梦:曹雪芹在香山/胡德平著.-北京:中华书局,2004
    286页:图;24cm
    
    
    ISBN 7-101-04234-1:CNY35.00
    
●
相关链接 在E读中查询图书 在五车中查询图书 在当当中查询图书 在豆瓣中查询图书


正题名:说不尽的红楼梦     索取号:I207.411/637         预约/预借

序号 登录号 条形码 馆藏地/架位号 状态 备注
1 598911   205989117   第一样本阅览室/ [索取号:I207.411/637] 在馆    
2 598912   205989126   第二借阅区/ [索取号:I207.411/637] 在馆    
3 598913   205989135   第二借阅区/ [索取号:I207.411/637] 在馆    
4 598914   205989144   第二借阅区/ [索取号:I207.411/637] 在馆    
5 598915   205989153   第二借阅区/ [索取号:I207.411/637] 在馆    
唐山师范学院图书馆 欢迎您!
大连网信软件有限公司© 版权所有